01099cam a22003257a 4500003000500000005001700005008004100022010000800063011000900071035000800080040000900088082001700097100004000114245006100154260005200215300001100267490001500278500001100293590004100304590004100345590004100386590004200427650005000469830002200519901000700541942001000548949006500558999001300623952013700636CHAP20220329132949.0971013s1987 r 00010 d a715 a1687 a863 cCHAP a338.9098bR600aRodríguez Pérez, Arturo.99878813aLa economía latinoamericana ·crísis sin solución? aLa Habana :bEditorial Ciencias Sociales,c1987 a199 p. 0aEconomía a37-189 aBATCH-UPDb10c20130110lUCH01h2044 aBATCH-UPDb10c20130410lUCH01h1358 aBATCH-UPDb10c20130914lUCH01h2007 aCONVERSIONb10c20130109lUCH01h130214aAmerica LatinaxCondiciones economicas.95390 0aEconomía935227 aBK cLIBRO a338.9098 R6bBCcLIBROd33724000109781eLIBROh76935i863si c715d715 00102ddc4052708GRALaBCbBCcPA_GRALd2019-12-31fLIBROl0o338.9098 R6p33724000109781r2019-12-31 00:00:00w2019-12-31yLIBRO